The Art Of Electronics (Record no. 269)

MARC details
000 -LEADER
Fixed length control field 00515nam a2200205 4500
003 - CONTROL NUMBER IDENTIFIER
Control field SEACOMMC
005 - DATE AND TIME OF LATEST TRANSACTION
Control field 20231018105349.0
008 - FIXED-LENGTH DATA ELEMENTS--GENERAL INFORMATION
Fixed length control field 231018b |||||||| |||| 00| 0 eng d
020 ## - INTERNATIONAL STANDARD BOOK NUMBER / ISBN
Price Rs. 450.00
040 ## - CATALOGING SOURCE
Original cataloging agency SEACOMMC
082 ## - DEWEY DECIMAL CLASSIFICATION NUMBER
Classification number 621.381
Book Number HOR
100 1# - MAIN ENTRY--PERSONAL NAME
Personal name Horowitz,Paul
245 14 - TITLE STATEMENT
Title The Art Of Electronics
Statement of responsibility Paul Horowitz and Hill,Wimfield
250 ## - EDITION STATEMENT
Edition statement 2nd ed.
260 ## - IMPRINT
Place of publication Cambridge
Name of publisher Cambridge
Date of publication 2004
650 ## - SUBJECT ADDED ENTRY--TOPICAL TERM
Topical term Engineering
650 ## - SUBJECT ADDED ENTRY--TOPICAL TERM
Topical term Electronics
700 1# - ADDED ENTRY--PERSONAL NAME
Personal name Hill, Wimfield
942 ## - ADDED ENTRY ELEMENTS (KOHA)
Koha item type Books
Holdings
Withdrawn status Lost status Source of classification Damaged status Not for loan Home library Current library Date acquired Total Checkouts Call number Accession number Date last seen Price effective from Koha item type
    Dewey Decimal Classification     SEACOM MANAGEMENT COLLEGE SEACOM MANAGEMENT COLLEGE 06/09/2006   621.381 HOR 05440 18/10/2023 18/10/2023 Books
© Seacom Engineering College, All rights reserved.    Powered by Koha